000 00458pab a2200169 454500
008 180718b2009 xxu||||| |||| 00| 0 eng d
100 _aMukherjee, Amitava
245 _aBarack Obama and US-Pakistan ties based on CIA-ISI cooperation
260 _c2009
300 _ap.3, 32.
362 _a14 Feb
650 _aUnited States - Foreign relations - Pakistan
650 _aInternational relations
773 _aMainstream
908 _aN
909 _a81365
999 _c81365
_d81365